000 00508nam a2200217Ia 4500
008 170918s9999 xx 000 0 und d
020 _a9780545425575
050 _bD637 2012
100 _aDr. Roach
245 _aMonstrous stories :
245 _bthe day the mice stood still /
245 _cDr. Roach
260 _aNew York :
260 _bScholastic,
260 _c2012
300 _a53 pages :
300 _bcolored illustration ;
300 _c19cm.
440 _aRoach.
500 _a590
999 _c341128
_d341128